Role of governors in the emerging pattern of centre-state relations in India (Record no. 423944)

000 -LEADER
fixed length control field 00537cam a22001577a 4500
008 - FIXED-LENGTH DATA ELEMENTS--GENERAL INFORMATION
fixed length control field 180718b1975 xxu||||| |||| 00| 0 eng d
082 ## - DEWEY DECIMAL CLASSIFICATION NUMBER
Classification number C43x54 Se55r
100 ## - MAIN ENTRY--PERSONAL NAME
Personal name Sen, Asoke K.
245 ## - TITLE STATEMENT
Title Role of governors in the emerging pattern of centre-state relations in India
Statement of responsibility, etc. by Asoke K. Sen
260 ## - PUBLICATION, DISTRIBUTION, ETC.
Place of publication, distribution, etc. Delhi
Name of publisher, distributor, etc. National
Date of publication, distribution, etc. 1975
300 ## - PHYSICAL DESCRIPTION
Extent viii, 75p
440 ## - SERIES STATEMENT/ADDED ENTRY--TITLE
Title Dr. Rajendra Parsad Memorial Lecture Series
650 ## - SUBJECT ADDED ENTRY--TOPICAL TERM
Topical term or geographic name entry element Assistance in emergencies --India
650 ## - SUBJECT ADDED ENTRY--TOPICAL TERM
Topical term or geographic name entry element Federal government --India
650 ## - SUBJECT ADDED ENTRY--TOPICAL TERM
Topical term or geographic name entry element State governments --India
Holdings
Withdrawn status Lost status Damaged status Not for loan Permanent Location Current Location Date acquired Full call number Barcode Date last seen Price effective from Koha item type
        Indian Institute of Public Administration Indian Institute of Public Administration 2009-09-11 C43x54 Se55r 52291 2018-07-21 2018-07-21 Book

Powered by Koha